La responsabilidad educativa-evangelística de los padres con mención a la crisis adolescente / (Record no. 28907)

MARC details
000 -LEADER
campo de control de longitud fija 00950ntaaa2200253 4500
003 - IDENTIFICADOR DE NÚMERO DE CONTROL
campo de control 01
005 - FECHA Y HORA DE LA ÚLTIMA TRANSACCIÓN
campo de control 20251027203335.0
008 - DATOS DE LONGITUD FIJA--INFORMACIÓN GENERAL
campo de control de longitud fija 0714s1973 ag 01
040 ## - FUENTE DE CATALOGACIÓN
Centro catalogador/agencia de origen AR-BaBN
Lengua de catalogación spa
Centro/agencia transcriptor AR-BaBN
Normas de descripción aacr
Centro/agencia modificador RIC
100 ## - ENTRADA PRINCIPAL--NOMBRE DE PERSONA
Nombre de persona Chávez, Sara Raquel
9 (RLIN) 37189
245 ## - MENCIÓN DEL TÍTULO
Título La responsabilidad educativa-evangelística de los padres con mención a la crisis adolescente /
Mención de responsabilidad, etc. Sara Raquel Chávez
260 ## - PUBLICACIÓN, DISTRIBUCIÓN, ETC.
Lugar de publicación, distribución, etc. [Buenos Aires],
Fecha de publicación, distribución, etc. 2014
300 ## - DESCRIPCIÓN FÍSICA
Extensión 39 h. ;
Dimensiones 30 cm.
500 ## - NOTA GENERAL
Nota general "En convenio con la Asamblea Apostólica de la fe en Cristo Jesús"
500 ## - NOTA GENERAL
Nota general Bibliografía: h. 38-39
502 ## - NOTA DE TESIS
Nota de tesis (licenciatura)-Seminario Internacional Teológico Bautista, 2014
505 ## - NOTA DE CONTENIDO CON FORMATO
Título Cap. I. Valores sociales contra educación cristiana
505 ## - NOTA DE CONTENIDO CON FORMATO
Título Cap. II. Crisis de fe de los hijos adolescentes
505 ## - NOTA DE CONTENIDO CON FORMATO
Título Cap. III. Modelo y antimodelo: dos familias de la Biblia
650 ## - PUNTO DE ACCESO ADICIONAL DE MATERIA--TÉRMINO DE MATERIA
Término de materia o nombre geográfico como elemento de entrada TESIS
650 ## - PUNTO DE ACCESO ADICIONAL DE MATERIA--TÉRMINO DE MATERIA
Término de materia o nombre geográfico como elemento de entrada EDUCACION CRISTIANA
9 (RLIN) 405
650 ## - PUNTO DE ACCESO ADICIONAL DE MATERIA--TÉRMINO DE MATERIA
Término de materia o nombre geográfico como elemento de entrada FAMILIA
942 ## - ELEMENTOS DE ENTRADA SECUNDARIOS (KOHA)
Tipo de ítem Koha Colección General
Holdings
Estatus retirado Estado de pérdida Estado de daño No para préstamo Biblioteca de origen Biblioteca actual Fecha de adquisición Número de inventario Total de préstamos Código de barras Visto por última vez Precio de reemplazo Tipo de ítem Koha
        Biblioteca Pluis Biblioteca Pluis 27/10/2025 045416   045416 27/10/2025 27/10/2025 TESINAS Y TFI